सामाजिक परिवर्तन में बाधक हिन्दुत्व / (Record no. 120410)

MARC details
000 -LEADER
fixed length control field 01475nam a22002777a 4500
005 - DATE AND TIME OF LATEST TRANSACTION
control field 20170124103157.0
010 ## - LIBRARY OF CONGRESS CONTROL NUMBER
LC control number B-177465
020 ## - INTERNATIONAL STANDARD BOOK NUMBER
Terms of availability 600.00
035 ## - SYSTEM CONTROL NUMBER
System control number B-177465
037 ## - SOURCE OF ACQUISITION
Source of stock number/acquisition Cen Lib/Ret
040 ## - CATALOGING SOURCE
Original cataloging agency DPL
Language of cataloging HN
082 ## - DEWEY DECIMAL CLASSIFICATION NUMBER
Classification number 305.52
Item number दुसाध
100 ## - MAIN ENTRY--PERSONAL NAME
Personal name दुसाध, एच.एल.
9 (RLIN) 90292
245 ## - TITLE STATEMENT
Title सामाजिक परिवर्तन में बाधक हिन्दुत्व /
Statement of responsibility, etc एच.एल.दुसाध ; सम्पादक राकेश पाण्डेय [और] ज्ञानेन्द्र रावत
246 ## - VARYING FORM OF TITLE
Title proper/short title Samajik parivartan me badhak hindutv /
Remainder of title by H.L.Dusadh ; sampadak Rakesh Pandey [aur] Gyanendra Rawat
260 ## - PUBLICATION, DISTRIBUTION, ETC. (IMPRINT)
Place of publication, distribution, etc नई दिल्ली
Name of publisher, distributor, etc दलित लेखक संघ
Date of publication, distribution, etc 2005
270 ## - ADDRESS
City नई दिल्ली
Address फ्लैट नं.002, गुप्ता अपार्टमेंट, 149/9, किशंगड़, वसंत कुंज
Postal code 110070
300 ## - PHYSICAL DESCRIPTION
Extent 607पृ.
Dimensions 20सेमी(सजिल्द)
650 ## - SUBJECT ADDED ENTRY--TOPICAL TERM
Topical term or geographic name as entry element दलित पत्रकारिता
9 (RLIN) 3310
650 ## - SUBJECT ADDED ENTRY--TOPICAL TERM
Topical term or geographic name as entry element सामाजिक परिवर्तन -- बाधक
9 (RLIN) 3799
650 ## - SUBJECT ADDED ENTRY--TOPICAL TERM
Topical term or geographic name as entry element Dalit journalism
9 (RLIN) 90293
650 ## - SUBJECT ADDED ENTRY--TOPICAL TERM
Topical term or geographic name as entry element Social change - Baffle
9 (RLIN) 90294
700 ## - ADDED ENTRY--PERSONAL NAME
Personal name पाण्डेय, राकेश
9 (RLIN) 90295
700 ## - ADDED ENTRY--PERSONAL NAME
Personal name रावत, ज्ञानेन्द्र
9 (RLIN) 45637
942 ## - ADDED ENTRY ELEMENTS (KOHA)
Source of classification or shelving scheme Dewey Decimal Classification
Koha item type Hindi Books
Classification part 305.52
Call number suffix दुसाध
Holdings
Withdrawn status Lost status Damaged status Not for loan Home library Current library Date acquired Source of acquisition Cost, normal purchase price Total Checkouts Full call number Barcode Date last seen Date checked out Copy number Cost, replacement price Price effective from Koha item type
Binding       Central Library Central Library 22/09/2015 Cen Lib/Ret 600.00 3 305.52 दुसाध B-177465 07/12/2018 26/11/2018 1 600.00 22/09/2015 Hindi Books

© Delhi Public Library
Hit Counter
free hit counter